| 000 | 00882cab a2200241 4500 | ||
|---|---|---|---|
| 001 | X2414 | ||
| 008 | 090401t1995 xxu||||| |||| 00| 0 eng d | ||
| 035 | _a(Sirsi) u24069 | ||
| 041 | _aeng | ||
| 245 | _aR v Brent LBC ex parte Awua | ||
| 260 | _c1995 | ||
| 350 | _a0 | ||
| 490 |
_aNew Property Cases _v(1995) NPC 119 |
||
| 520 | _aHL 6 July 1995. `Accommodation` in ss58(1) and 60 Housing Act 1985 means a place which can fairly be described as accommodation and which it would be reasonable, having regard to the general housing conditions in the local authority`s district, for the person in question to occupy. NOT TO BE PHOTOCOPIED. | ||
| 650 | _aHOMELESS | ||
| 650 | _aHOUSING ACT 1985 S58(1) | ||
| 650 | _aHOUSING ACT 1985 S60 | ||
| 650 | _aINTENTIONALLY HOMELESS | ||
| 650 | _aPEABODY TRUST | ||
| 690 | _aHOUSING-CASE LAW | ||
| 942 | _n0 | ||
| 948 | _c04/03/1997 | ||
| 999 |
_c16121 _d16121 |
||